000 00903nam a2200241Ia 4500
001 9132
003 GE_BSU
008 181216s||||||||xx |||||||||||||| ||und||
040 _cGE_BSU
080 _a821.353.1-4+355.48(47+57)
100 _aკოკილაშვილი,არჩილ
245 _aფრონტული სიჭაბუკე
245 _bნარკვევები
245 _cრედ:შ.კაპანაძე;მხატვ:დ.გრიგოლია
260 _aთბილისი.
260 _bსაბჭ.საქართველო
260 _c1971.
300 _a207გვ;20სმ
653 _aნარკვევები
653 _aნარკვევები ქართველები დიდ სამამულო ომში;
653 _aფრონტული სიჭაბუკე
942 _cBK
999 _c42436
_d42436